| 000 -LEADER |
| fixed length control field |
01691 a2200253 4500 |
| 003 - CONTROL NUMBER IDENTIFIER |
| control field |
Nust |
| 005 - DATE AND TIME OF LATEST TRANSACTION |
| control field |
20241023132951.0 |
| 010 ## - LIBRARY OF CONGRESS CONTROL NUMBER |
| LC control number |
2004054664 |
| 020 ## - INTERNATIONAL STANDARD BOOK NUMBER |
| International Standard Book Number |
00714344836 |
| 040 ## - CATALOGING SOURCE |
| Transcribing agency |
Nust |
| 082 00 - DEWEY DECIMAL CLASSIFICATION NUMBER |
| Classification number |
621.381044,MAN |
| 100 1# - MAIN ENTRY--PERSONAL NAME |
| Personal name |
Maniktala, Sanjaya. |
| 9 (RLIN) |
61449 |
| 245 10 - TITLE STATEMENT |
| Title |
Switching power supply design & optimization / |
| Statement of responsibility, etc. |
Sanjaya Maniktala. |
| 260 ## - PUBLICATION, DISTRIBUTION, ETC. |
| Place of publication, distribution, etc. |
New York : |
| Name of publisher, distributor, etc. |
McGraw-Hill, |
| Date of publication, distribution, etc. |
c2005. |
| 300 ## - PHYSICAL DESCRIPTION |
| Extent |
xvi, 395 p. : |
| Other physical details |
ill. ; |
| Dimensions |
24 cm. |
| 440 #0 - SERIES STATEMENT/ADDED ENTRY--TITLE |
| Title |
McGraw-Hill professional engineering. |
| 9 (RLIN) |
3451 |
| 505 ## - FORMATTED CONTENTS NOTE |
| Formatted contents note |
Overview of switching power (Page-1), Dcdc converters and their configurations (Page-31), Reference equations and graphs for converter design (Page-61), Discontinuous conduction mode equations (Page-69), Chapters frontend of offline power supplies (Page-77), Isolated topologies for offline applications (Page-109), Concepts in magnetics (Page-153),Chapters tapped inductor topologies (Page-191), Selecting inductors for dcdc converters (Page-199), Flyback transformer design (Page-223), Forward converter magnetics design (Page-249), Pcbs and layout (Page-273),Thermal management (Page-287), Stabilizing current mode converters (Page-309), Practical EMI filter design (Page-319), Things to try (Page-331), Reliability testing and safety issues (Page-345). |
| 650 #0 - SUBJECT ADDED ENTRY--TOPICAL TERM |
| Topical term or geographic name entry element |
Electric current converters. |
| 9 (RLIN) |
83236 |
| 650 #0 - SUBJECT ADDED ENTRY--TOPICAL TERM |
| Topical term or geographic name entry element |
Telecommunication Engineering. |
| 856 42 - ELECTRONIC LOCATION AND ACCESS |
| Materials specified |
Contributor biographical information |
| Uniform Resource Identifier |
<a href="http://www.loc.gov/catdir/bios/mh051/2004054664.html">http://www.loc.gov/catdir/bios/mh051/2004054664.html</a> |
| 856 42 - ELECTRONIC LOCATION AND ACCESS |
| Materials specified |
Publisher description |
| Uniform Resource Identifier |
<a href="http://www.loc.gov/catdir/description/mh051/2004054664.html">http://www.loc.gov/catdir/description/mh051/2004054664.html</a> |
| 856 42 - ELECTRONIC LOCATION AND ACCESS |
| Materials specified |
Table of contents |
| Uniform Resource Identifier |
<a href="http://www.loc.gov/catdir/toc/mh051/2004054664.html">http://www.loc.gov/catdir/toc/mh051/2004054664.html</a> |
| 942 ## - ADDED ENTRY ELEMENTS (KOHA) |
| Koha item type |
Reference |
| Source of classification or shelving scheme |
|